| 000 | 00395nam a2200133Ia 4500 | ||
|---|---|---|---|
| 008 | 130318s9999 xx 000 0 und d | ||
| 020 | _a8122420958 | ||
| 082 | _a658.04 SUB/N | ||
| 100 | _a Subhash Sharma | ||
| 245 | _aNew mantras in corporate corridors: From ancient roots to global routes | ||
| 260 |
_bNew Age International _aNew Delhi _c2007 |
||
| 300 | _a558 | ||
| 650 | _aCORPORATE MANAGEMENT | ||
| 999 |
_c1399 _d1399 |
||